| 000 | 00666nam a2200229 i 4500 | ||
|---|---|---|---|
| 001 | bgj | ||
| 245 | 0 | 0 |
_aRodale's Illustrated Encyclopedia of Gardening and Landscaping Techniques / _cBarbara W. Ellis, editor. |
| 260 |
_aEmmaus, Pa : _bRodale Press, _cc. 1990. |
||
| 300 |
_aIV, 426 pp : _bill. ; _c28 cm. |
||
| 504 | _aBibliography p. 406-410. | ||
| 505 | _aIncludes index. | ||
| 650 | 9 | _aOrganic gardening | |
| 650 | 9 | _aGardening | |
| 650 | 9 | _aLandscape gardening | |
| 700 | 1 |
_aELLIS, Barbara W. _eed. |
|
| 020 | _a0878578986 | ||
| 040 | _cBPK | ||
| 041 | 0 | _aeng | |
| 920 | _a0-87857-898-6 | ||
| 942 | _cKS | ||
| 008 | s uk f |000 0 eng | ||
| 999 |
_c47549 _d47549 |
||